| 000 | 01272nac a22003131u 4500 | ||
|---|---|---|---|
| 999 |
_c10014 _d10014 |
||
| 003 | EG-ScBUE | ||
| 005 | 20210316114647.0 | ||
| 008 | 200219s1996 ii f 000 d eng d | ||
| 020 | _a8175810793 (pbk.) | ||
| 040 |
_aEG-ScBUE _beng _erda _cEG-ScBUE _dEG-ScBUE |
||
| 082 | 0 | 4 |
_a822.33 _bSHA _222 |
| 100 | 1 |
_aShakespeare, William, _d1564-1616, _eauthor. |
|
| 245 | 1 | 0 |
_aJulius Caesar : _bedited with a critical introduction, complete paraphrase of the text. annotations and Explanations. notes, and questions with answers / _cWilliam Shakespeare ; Rajnder Paul, M.A., Department of English, Hans Raj College, University of Delhi. |
| 250 | _aFourth edition. | ||
| 264 | 1 |
_aNew Delhi : _bRama Brothers India Pvt. Ltd., _c1996. |
|
| 300 |
_axii, 482 pages : _billustrations ; _c20 cm |
||
| 336 |
_2rdacontent _atext _btxt |
||
| 337 |
_2rdamedia _aunmediated _bn |
||
| 338 |
_2rdacarrier _avolume _bnc |
||
| 500 | _aDistributer: Al-Ahram. | ||
| 504 | _aIncludes bibliographical references. | ||
| 600 | 1 | 7 |
_aCaesar, Julius _xAssassination. _2BUEsh |
| 650 | 7 |
_aConspiracies _vDrama. _2BUEsh |
|
| 650 | 7 |
_aAssassins _vDrama. _2BUEsh |
|
| 653 |
_bHHUUEENN _cMarch2021 |
||
| 655 | 7 |
_aTragedies. _vReading book |
|
| 700 | 1 |
_aPaul, Rajnder, _eeditor. |
|
| 942 |
_cBB _k822.33SHA _2ddc |
||